Statystyki dla Najbardziej hejtowane miasta Polski

Kliknij tutaj aby rozwiązać quiz!

Ogólne statystyki

  • Ten quiz został rozwiązany 1 211 razy
  • Średni wynik to 4 z 9

Statystyki odpowiedzi

HintOdpowiedź% Poprawnych
1Bydgoszcz
82%
4Sosnowiec
76%
2Radom
72%
5Białystok
68%
3Łódź
64%
9Bytom
31%
7Zabrze
19%
8Gorzów Wielkopolski
14%
6Choroszcz
7%

Rozkład punktacji

Percentyl według liczby udzielonych odpowiedzi

Procent ludzi z każdym wynikiem

Twoja historia wyników

Nie rozwiązałeś tego quizu